000 00488cam a22001097a 4500
008 180718b1972 xxu||||| |||| 00| 0 eng d
082 _aT16096x54 In2/1972
245 _aConference of the Registrars of Cooperative Societies at New Delhi, 29th & 30 September, 1972
_cby Department of Cooperation, Ministry of Agriculture
260 _aNew Delhi
_bDepartment of Cooperation, Ministry of Agriculture
_c1972
300 _a68p.
700 _aIndia. Ministry of Agriculture. Department of Cooperation
999 _c490267
_d490267